000 00416nam a2200145Ia 4500
008 220217s9999||||xx |||||||||||||| ||und||
020 _a9788173666025
082 _a005.133 SIE
100 _aSierra, Kathy and Bert, Bates
_99322
245 0 _aHead first java
250 _a2nd
260 _aShroff publishers and distributers
_bMumbai
_c2014
300 _aXXXII, 688p.
_b650
650 _aPROGRAMMING LANGUAGE
999 _c185338
_d185338